Datum a čas kvízu
35
Celkem bodů
Celkový počet nahraných bodů na tomto kvízu bez doplňovacích otázek.
2.
Pořadí na kvízu
Konečné umístění týmu na tomto kvízu.
Zaznamenané odpovědi
| # | Otázka | Odpověď | Body | Výsledky |
|---|---|---|---|---|
| 1. | Středočeská obec Mirošovice po... | Předčasně zveřejnila výsledky. | 0 | |
| 2. | Na výročí Světového dne metrol... | Max Planck | 1 | |
| 3. | Zlínský filmový festival minul... | kybernetický útok | 0 | |
| 4. | Rakouský nábytkářský řetězec X... | Kika | 1 | |
| 5. | V pondělí nás opustil Niki Lau... | Ferrari, McLaren | 0.5 | |
| 6. | Jakou barvu má pruh, který je... | černou | 1 | |
| 7. | Jaká barva kromě zelené a bílé... | žádná | 1 | |
| 8. | Na bolívijské vlajce je modrý... | D | 0 | |
| 9. | Jakou barvu má prostřední pruh... | zelenou | 0 | |
| 10. | Který z pruhů na vlajce Maďars... | A | 1 |